ბათუმის შოთა რუსთაველის სახელმწიფო უნივერსიტეტის ბიბლიოთეკა

მხიარული ბორცვი : (ბიბ.ჩანაწერი № 40992)

000 -ლიდერი
ფიქსირებული სიგრძის საკონტროლო ველი 00950nam a2200229Ia 4500
001 - საკონტროლო ნომერი
საკონტროლო ველი 7640
003 - საკონტროლო ნომრის იდენტიფიკატორი
საკონტროლო ველი GE_BSU
005 - ბოლო ოპერაციის თარიღი და დრო
საკონტროლო ველი 20240109111634.0
008 - ფიქსირებული სიგრძის მონაცემთა ელემენტები - ზოგადი ინფორმაცია
ფიქსირებული სიგრძის საკონტროლო ველი 181216s1971||||ge |||||||||||||| ||geo||
040 ## - კატალოგიზაციის წყარო
Transcribing agency GE_BSU
041 ## - ენის კოდი
Language code of text/sound track or separate title geo
080 ## - უნივერსალური ათობითი კლასიფიკაციის ინდექსი
Universal Decimal Classification number 821.353.1-32 დ–79
100 ## - მთავარი ჩანაწერი - პიროვნების სახელი
Personal name დოჩანაშვილი, გურამ
9 (RLIN) 18694
245 ## - ცნობა სათაურის შესახებ
Title მხიარული ბორცვი :
Remainder of title მოთხრობები /
Statement of responsibility, etc გურამ დოჩანაშვილი ; რედ. გ. ლაბაძე ; მხატვ. ვ რურუა.
264 ## - წარმოების, გამოცემის, დისტრიბუციის და სხვა ცნობები
გამოცემის, წარმოების, დისტრიბუციის... ადგილი თბილისი :
გამოცემის, წარმოების, დისტრიბუციის... სახელწოდება ნაკადული,
გამოცემის, წარმოების, დისტრიბუციის... თარიღი 1971
300 ## - ფიზიკური აღწერა
Extent 117 გვ. ;
Dimensions 19 სმ.
653 ## - INDEX TERM--UNCONTROLLED
Uncontrolled term მოთხრობები
653 ## - INDEX TERM--UNCONTROLLED
Uncontrolled term მხიარული ბორცვი
700 ## - ADDED ENTRY--PERSONAL NAME
Personal name ლაბაძე, გ.
Relator term რედაქტორი
9 (RLIN) 20968
700 ## - ADDED ENTRY--PERSONAL NAME
Personal name რურუა, ვ.
Relator term მხატვარი
9 (RLIN) 20961
942 ## - ADDED ENTRY ELEMENTS (KOHA)
Koha item type წიგნი
Source of classification or shelving scheme
ეგზემპლარები
ჩამოწერის სტატუსი დაკარგული ეგზემპლარის სტატუსი კლასიფიკაციის წყარო ან თაროზე გაწყობის სქემა დაზიანების სტატუსი არ გაიცემა მუდმივი მდებარეობა (დაცვის ადგილი) ამჟამინდელი ადგილსამყოფელი თაროზე განთავსების ადგილი შეძენის თარიღი ღირებულება, შესყიდვის ნორმალური ფასი სრული შენახვის შიფრი შტრიხკოდი ბოლო ოპერაციის თარიღი ეგზემპლარის მიმდევრობითი ნომერი (კეტერი?) ფასის ძალაში შესვლის თარიღი ეგზემპლარის სახეობა საჯარო შენიშვნა
          ბათუმის შოთა რუსთაველის სახელმწიფო უნივერსიტეტის მთავარი ბიბლიოთეკა ბათუმის შოთა რუსთაველის სახელმწიფო უნივერსიტეტის მთავარი ბიბლიოთეკა წიგნსაცავი 2018-12-17 0.42 821.353.1-32 დ–79 23516 2018-12-17 23516 2018-12-17 წიგნი 0.42 ₾.